<?xml version="1.0" encoding="UTF-8"?>
<record
    xmlns:xsi="http://www.w3.org/2001/XMLSchema-instance"
    xsi:schemaLocation="http://www.loc.gov/MARC21/slim http://www.loc.gov/standards/marcxml/schema/MARC21slim.xsd"
    xmlns="http://www.loc.gov/MARC21/slim">

  <leader>01087nam a2200253 a 4500</leader>
  <controlfield tag="001">63107</controlfield>
  <controlfield tag="003">BD-RjUL</controlfield>
  <controlfield tag="005">20211209081147.0</controlfield>
  <controlfield tag="008">170202s1985    bg       s   o00| 0 eng |</controlfield>
  <datafield tag="020" ind1=" " ind2=" ">
    <subfield code="c">: Tk. 300.00 (Inland)</subfield>
  </datafield>
  <datafield tag="035" ind1=" " ind2=" ">
    <subfield code="a">(BD-RjUL)63235</subfield>
  </datafield>
  <datafield tag="040" ind1=" " ind2=" ">
    <subfield code="a">DLC</subfield>
    <subfield code="c">DLC</subfield>
    <subfield code="d">DLC</subfield>
    <subfield code="d">BD-RjUL</subfield>
    <subfield code="b">eng</subfield>
  </datafield>
  <datafield tag="041" ind1=" " ind2=" ">
    <subfield code="a">eng</subfield>
  </datafield>
  <datafield tag="082" ind1=" " ind2=" ">
    <subfield code="2">23</subfield>
    <subfield code="a">304.609549021</subfield>
    <subfield code="b">NOA 1985 (TS)</subfield>
  </datafield>
  <datafield tag="110" ind1=" " ind2=" ">
    <subfield code="a">Bangladesh Bureau of Statistics</subfield>
    <subfield code="9">179266</subfield>
  </datafield>
  <datafield tag="245" ind1=" " ind2=" ">
    <subfield code="a">Bangladesh Population Census, 1981:</subfield>
    <subfield code="b">Community Tables of all thanas of Noakhali District : Feni, Lakshmipur and Noakhali Sadar Sub-Division</subfield>
  </datafield>
  <datafield tag="260" ind1=" " ind2=" ">
    <subfield code="a">Dhaka :</subfield>
    <subfield code="b">BBS, </subfield>
    <subfield code="c">1985</subfield>
  </datafield>
  <datafield tag="300" ind1=" " ind2=" ">
    <subfield code="a">CXX, 341 p. :</subfield>
    <subfield code="b">Ill. ;</subfield>
    <subfield code="c">28 cm.</subfield>
  </datafield>
  <datafield tag="490" ind1=" " ind2=" ">
    <subfield code="a">Thana Series: Community Tables of all thanas of Noakhali District : Feni, Lakshmipur and Noakhali Sadar Sub-Division </subfield>
  </datafield>
  <datafield tag="651" ind1=" " ind2=" ">
    <subfield code="a">Bangladesh</subfield>
    <subfield code="z">Noakhali</subfield>
    <subfield code="v">census, 1981</subfield>
    <subfield code="9">185284</subfield>
  </datafield>
  <datafield tag="651" ind1=" " ind2=" ">
    <subfield code="a">Bangladesh</subfield>
    <subfield code="z">Noakhali</subfield>
    <subfield code="x">Population</subfield>
    <subfield code="v">Statistics</subfield>
    <subfield code="y">1981</subfield>
    <subfield code="9">189227</subfield>
  </datafield>
  <datafield tag="830" ind1=" " ind2=" ">
    <subfield code="a">Thana Series: Community Tables of all thanas of Noakhali District : Feni, Lakshmipur and Noakhali Sadar Sub-Division </subfield>
    <subfield code="9">189228</subfield>
  </datafield>
  <datafield tag="942" ind1=" " ind2=" ">
    <subfield code="2">ddc</subfield>
    <subfield code="c">RAR</subfield>
  </datafield>
  <datafield tag="999" ind1=" " ind2=" ">
    <subfield code="c">63107</subfield>
    <subfield code="d">63107</subfield>
  </datafield>
  <datafield tag="952" ind1=" " ind2=" ">
    <subfield code="0">0</subfield>
    <subfield code="1">0</subfield>
    <subfield code="2">ddc</subfield>
    <subfield code="4">0</subfield>
    <subfield code="7">1</subfield>
    <subfield code="8">RARE</subfield>
    <subfield code="a">RUCL</subfield>
    <subfield code="b">RUCL</subfield>
    <subfield code="c">Rare</subfield>
    <subfield code="d">2017-01-24</subfield>
    <subfield code="e">Dhaka, BBS</subfield>
    <subfield code="l">0</subfield>
    <subfield code="o">RA 304.609549021 NOA 1985(TS)</subfield>
    <subfield code="r">2017-02-02 00:00:00</subfield>
    <subfield code="t">C-1</subfield>
    <subfield code="w">2017-02-02</subfield>
    <subfield code="y">RAR</subfield>
  </datafield>
</record>
